| 000 | 00482nam a2200181Ia 4500 | ||
|---|---|---|---|
| 005 | 20250423100545.0 | ||
| 008 | 250422s9999 xx 000 0 und d | ||
| 020 | _a9783824988 | ||
| 050 | _aJA 71 .M33/ | ||
| 100 | _aC. C. Mazi Mbah | ||
| 245 | 0 | _aPolitical theory and methodology | |
| 260 | _aOnitsha | ||
| 260 | _bRex Charles and Patrick Ltd. | ||
| 260 | _c2006 | ||
| 300 | _a411 p | ||
| 650 | _a Political science. Political science--Methodology. | ||
| 942 | _cBK | ||
| 999 |
_c33667 _d33667 |
||